Statistical techniques in business & economics / (Record no. 6282)

MARC details
000 -LEADER
fixed length control field 01896nam a2200265 a 4500
020 ## - INTERNATIONAL STANDARD BOOK NUMBER
ISBN 0071113150
020 ## - INTERNATIONAL STANDARD BOOK NUMBER
ISBN 0072868260
050 ## - CALL NUMBER
Classification number HA29
Item number .M268
100 1# - AUTHOR
Personal name Lind, Douglas A.
245 10 - TITLE
Title Statistical techniques in business & economics /
Statement of responsibility, etc Douglas A. Lind, William G. Marchal, Samuel Wathen.
250 ## - EDITION
Edition statement Twelfth edition (International edition).
260 ## - PUBLICATION INFORMATION
Place of publication Boston
Name of publisher McGraw-Hill
Year of publication 2005
300 ## - DESCRIPTION
Number of Pages xiv, 800 pages ;
Dimensions 27 cm +
Accompanying material 1 CD-ROM (4 3/4 in.) + 1 folded sheet inserted in frontispiece of book.
500 ## - NOTES
General note Mason's name appears first on the earlier editions.
500 ## - NOTES
General note Previous edition: 2002.
500 ## - NOTES
General note Includes index.
505 ## - FORMATTED CONTENTS NOTE
Table of Content Chapter 1. What is Statistics?<br/>Chapter 2. Describing data: Frequency Distributions and Graphic Presentations<br/>Chapter 3. Describing data: Numerical Measures<br/>Chapter 4. Describing data : Displaying and Exploring data<br/>Chapter 5. A survey of Probability Concepts<br/>Chapter 6. Discrete Probability Distributions <br/>Chapter 7. Continuous Probability Distributions<br/>Chapter 8. Sampling Methods and the Central Limit Theorem <br/>Chapter 9. Estimation and Confidence Intervals <br/>Chapter 10. One-sample Test of Hypothesis<br/>Chapter 11. Two-Sample Test of Hypothesis<br/>Chapter 12. Analysis of Variance <br/>Chapter 13. Linear Regression and Correlation <br/>Chapter 14. Multiple Regression and Correlation Analysis<br/>Chapter 15. Nonparametric Methods: Chi-Square Applications<br/>Chapter 16. Nonparametric Methods: Analysis of Ranked data<br/>Chapter 17. Statistical Quality Control<br/>Chapter 18. Index Numbers<br/>Chapter 19. Time series and Forecasting<br/>Chapter 20. An Introduction to Decision Theory <br/>
650 #0 - SUBJECTS
Topical Term Commercial statistics.
650 #0 - SUBJECTS
Topical Term Economics
General subdivision Statistical methods.
650 #0 - SUBJECTS
Topical Term Commercial statistics
650 #0 - SUBJECTS
Topical Term Economics
General subdivision Statistical methods
700 1# - OTHER AUTHORS
Personal name Marchal, William G.
700 1# - OTHER AUTHORS
Personal name Wathen, Samuel Adam.
942 ## - ADDED ENTRY ELEMENTS (KOHA)
Koha item type Books
Holdings
Withdrawn status Lost status Collection code Home library Current library Shelving location Date acquired Full call number Accession Number Koha item type
    Reference Methodist University Library Main Methodist University Library Main General Stacks 20/12/2007 HA29 .M268 18839 Books
Copyright © 2026  MUG Library